歴代きららアニメ - Statistics

General Stats
  • This quiz has been taken 30 times
  • The average score is 33 of 52
Answer Stats
放送時期 掲載誌 答え % Correct
2018冬 きららフォワード→COMIC FUZ ゆるキャン△
89%
2020冬 COMIC FUZ へやキャン△
89%
2021冬 きららフォワード→COMIC FUZ ゆるキャン△ SEASON2
89%
2024春 きららフォワード→COMIC FUZ ゆるキャン△ SEASON3
89%
時期未定 きららフォワード→COMIC FUZ ゆるキャン△ SEASON4
89%
2014春 きららMAX ご注文はうさぎですか?
84%
2015秋 きららMAX ご注文はうさぎですか??
84%
2020秋 きららMAX ご注文はうさぎですか? BLOOM
84%
2010春,夏 きらら けいおん!!
79%
2019夏 きららキャラット まちカドまぞく
79%
2022春 きららキャラット まちカドまぞく 2丁目
79%
2009春 きらら けいおん!
79%
2016夏 きららキャラット NEW GAME!
79%
2017夏 きららキャラット NEW GAME!!
79%
2013夏 きららMAX きんいろモザイク
74%
2015春 きららMAX ハロー!!きんいろモザイク
74%
2022秋 きららMAX ぼっち・ざ・ろっく!
74%
2025夏 きららキャラット ばっどがーる
74%
2013春 きらら ゆゆ式
68%
2016春 きらら 三者三葉
68%
2022春 きららキャラット RPG不動産
68%
2010冬 きららキャラット ひだまりスケッチ×☆☆☆
63%
2012冬 きららキャラット キルミーベイベー
63%
2012秋 きららキャラット ひだまりスケッチ×ハニカム
63%
2018冬 きらら スロウスタート
63%
2020冬 きららキャラット 恋する小惑星
63%
2008夏 きららキャラット ひだまりスケッチ×365
63%
2007冬 きららキャラット ひだまりスケッチ
63%
2025春 きららキャラット mono
63%
2017秋 きららキャラット ブレンド・S
63%
2014冬 きららミラク 桜Trick
63%
2017冬 きららミラク→きらら うらら迷路帖
58%
2018春 きららMAX こみっくがーるず
58%
2022冬 きららフォワード スローループ
58%
2023秋 きらら 星屑テレパス
58%
2011春 きららキャラット Aチャンネル
58%
2015夏 きららフォワード がっこうぐらし!
53%
2016秋 きららMAX ステラのまほう
53%
2020春 きららフォワード 球詠
53%
2020秋 きららキャラット おちこぼれフルーツタルト
53%
2012春 きらら あっちこっち
47%
2014夏 きららフォワード ハナヤマタ
47%
2015冬 きららミラク 幸腹グラフィティ
47%
2018秋 きららキャラット アニマエール!
47%
2016春 きららフォワード あんハピ♪
42%
2007春 きららキャラット ドージンワーク
42%
2011冬 きららフォワード 夢喰いメリー
42%
2009夏 きららキャラット GA芸術科アートデザインクラス
42%
2015夏 きららミラク 城下町のダンデライオン
37%
2015夏 乙女通信 わかば*ガール
37%
2018夏 きららフォワード はるかなレシーブ
37%
2009夏 きららMAX かなめも
26%
No matching quizzes found
Score Distribution
Percent of People with Each Score
Percentile by Number Answered
Your Score History
You have not taken this quiz